000 00312nam a2200121Ia 4500
008 220204s9999 xx 000 0 und d
082 _a572.1(03)
_bJEL
100 _aJELINEK, J
245 0 _aPictorial encyclopedia of the evolution of man.
260 _aLondon
_bHamlyn
_c1975
650 _aEvolution
942 _cBK
999 _c24747
_d24747